Polscy piłkarze którzy grali w Serie A - Statystyki

Ogólne statystyki
  • Ten quiz został rozwiązany 77 razy
  • Średni wynik to 22 z 55
Statystyki odpowiedzi
KLUBY: PIŁKARZE: % Poprawnych
Udinese CalcioEmpoli Napoli Inter Mediolan Piotr Zieliński
99%
AS RomaJuventus Wojciech Szczęsny
96%
NapoliJuventus Arkadiusz Milik
94%
AS RomaEmpoli Bologna Łukasz Skorupski
90%
GenoaAC Milan Fiorentina Salernitana Krzysztof Piątek
89%
AS RomaInter Mediolan Atalanta Nicola Zalewski
87%
JuventusAS Roma Zbigniew Boniek
87%
SampdoriaTorino Karol Linetty
84%
SampdoriaNapoli Empoli Bartosz Bereszyński
83%
PalermoBari Torino Benevento Kamil Glik
81%
Hellas Verona Paweł Dawidowicz
67%
Fiorentina Jakub Błaszczykowski
66%
Udinese Calcio Adam Buksa
63%
Genoa Aleksander Buksa
63%
BolognaMonza Kacper Urbański
59%
CagliariEmpoli Torino Sassuolo Sebastian Walukiewicz
57%
FiorentinaEmpoli Spezia Calcio Bartłomiej Drągowski
56%
AtalantaSPAL Crotone Spezia Calcio Arkadiusz Reca
49%
Fiorentina Artur Boruc
49%
Brescia CalcioAC Milan Sampdoria SPAL Cagliari Bartosz Salamon
49%
FiorentinaEmpoli Spezia Calcio Szymon Żurkowski
49%
AS Roma Jan Ziółkowski
47%
Spezia Calcio Przemysław Wiśniewski
47%
PalermoSPAL Thiago Cionek
46%
Spezia Calcio Jakub Kiwior
43%
Parma Calcio 1913 Adrian Benedyczak
41%
Udinese Calcio Jakub Piotrowski
37%
Hellas VeronaLecce Mariusz Stępiński
37%
Hellas Verona Karol Świderski
36%
Sampdoria Dawid Kownacki
30%
Udinese CalcioBrescia Calcio Marek Koźmiński
29%
Cagliari Mateusz Wieteska
29%
Lecce Filip Marchwiński
27%
Udinese Calcio Łukasz Teodorczyk
27%
SampdoriaHellas Verona Paweł Wszołek
27%
Palermo Radosław Matusiak
23%
Fiorentina Rafał Wolski
21%
Chievo Verona Tomasz Kupisz
17%
GenoaSalernitana Paweł Jaroszyński
16%
Chievo Verona Kamil Kosowski
13%
Salernitana Mateusz Łęgowski
13%
Napoli Igor Lasicki
10%
Lecce Marcin Listkowski
10%
Frosinone Calcio Przemysław Szymiński
10%
Hellas Verona Dominik Furman
7%
Parma Calcio 1913 Mateusz Kowalski
7%
Hellas VeronaCremonese Władysław Żmuda
7%
AC Carpi Kamil Wilczek
6%
Hellas Verona Mateusz Praszelik
6%
AS Roma Jordan Majchrzak
4%
Catania FC Błażej Augustyn
3%
Udinese Calcio Dariusz Adamczuk
3%
Udinese Calcio Piotr Czachowski
3%
Genoa Filip Jageiłło
1%
SPAL Jakub Iskra
0%
Nie znaleziono quizów pasujących do podanych kryteriów
Rozkład punktacji
Procent ludzi z każdym wynikiem
Percentyl według liczby udzielonych odpowiedzi
Twoja historia wyników
Nie rozwiązałeś tego quizu